000 00892nas a2200241 4500
001 BR8401736
003 BR-BrBNA
005 20231205085852.0
007 ta
008 230509b bl.|||p| |||| 00| 00por d
040 _aBR-BrBNA
_bpor
_cBiblioteca Nacional de Agricultura
041 _a(Pt)
072 _aH10
100 1 _aSchmitt, A.T.
245 1 _aOcorrencia de inimigos naturais de Erinnyis ello (L.)no estado de Santa Catarina [mandarova, mandioca, Manihot esculenta, Brasil]
246 1 _aOccurence of natural enemies of Erinnyis ello (L.)in the State of Santa Catarina [Hornworm, cassava, Manihot esculenta, Brazil]
650 _aMANDIOCA
650 _aMANDAROVA
650 _aCONTROLE BIOLOGICO
773 0 _tRevista Brasileira de Mandioca (Brazil)
_xISSN 0101-563X
_g(1983), v. 2(2) p. 59-62
_wBR8401736
909 _a202311
_bLúcia
_c55
_dLúcia Elande
942 _2AGRIS
_n0
_cANA
999 _c114398
_d114398